Cargando...

Officjal Data on Agricultural Wages in the Madras Presidency from 1873

Detalles Bibliográficos
Autor Principal: M. Atchi Reddy
Formato: Printed Book
Publicado: Indian Economic Social History Review 1978; 15; 451 1978
Subjects:
Acceso en liña:http://10.26.1.76/ks/00863.pdf
LEADER 004740000a22001330004500
100 |a M. Atchi Reddy 
245 |a Officjal Data on Agricultural Wages in the Madras Presidency from 1873 
260 |c 1978 
260 |b Indian Economic Social History Review 1978; 15; 451 
650 |a AGRICULTURAL LABOURS SOUTH INDIA HISTORY 
856 |u http://10.26.1.76/ks/00863.pdf 
942 |c KS 
999 |c 70251  |d 70251 
952 |0 0  |1 0  |4 0  |7 0  |9 62215  |a MGUL  |b MGUL  |d 2015-08-01  |l 0  |r 2015-08-01  |w 2015-08-01  |y KS